LEADER 01445nam a2200325 i 4500 001 000000106754 003 CaOOAMICUS 005 20020902000000.0 008 020902s2002 gw u000 u ger u 013 $a78948 020 $a3-7278-1381-4 020 $a3-525-53040-4 040 $aSeMil$bita 100 1 $aHerrmann, Christian.$0(OLS)http://semarc/name/7978 245 10$aÄgyptische Amulette aus Palästina/Israel 2. /$cChristian Hermann. 260 $aGöttingen :$bVandenhoeck & Ruprecht,$c2002. 260 $aFreiburg (Schweiz) :$bUniversitätsverlag,$c2002. 300 $a194 p. :$bill. ;$c24 cm. 490 0 $aOrbis Biblicus et Orientalis ;$v184 650 4$aEgitto antico.$0(OLS)http://semarc/subject/7930 650 4$aPalestina.$0(OLS)http://semarc/subject/2650 830 0$aOrbis Biblicus et Orientalis ;$v184.$0(OLS)http://semarc/title/283 850 $aSeMil 852 $aSeMil$W1$xVenegono$y1$m2U VI 384$j62865$B62865$CSeMilBibl$Z2$F72078 $81 961 $aSottoscrizione: Vandenhoeck & Ruprecht 996 $6020$a3-7278-1381-4$9(OLS)http://semarc/number/87541 996 $6020$a3-525-53040-4$9(OLS)http://semarc/number/87542 996 $6245$aÄgyptische Amulette aus Palästina/Israel 2.$9(OLS)http://semarc/title/154880 996 $6260$aFreiburg (Schweiz) :$bUniversitätsverlag$9(OLS)http://semarc/publisher/29720 996 $6260$aGöttingen :$bVandenhoeck & Ruprecht$9(OLS)http://semarc/publisher/29697 LEADER 01583nam a2200313 i 4500 001 000000124624 003 CaOOAMICUS 005 20040510000000.0 008 040510s1980 it u000 u ita u 013 $a97321 020 $a88-7005-461-6 040 $aSeMil$bita 245 12$aI Longhi :$buna famiglia di architetti tra Manierismo e Barocco /$ca cura di Luciano Patetta ; nota introduttiva di Giulio Carlo Argan ; saggi di Amedeo Bellini ... [et al.]. 260 $aMilano :$bClup,$c1980. 300 $a130 p. :$briccamente ill. ;$c22x24 cm. 500 $aIn preliminari : Dedica autografa al Card. C.M. Martini. - Fondo Card. C.M. Martini. 650 4$aLonghi, Martino - Cataloghi di esposizioni.$0(OLS)http://semarc/subject/24077 650 4$aLonghi, Onorio - Cataloghi di esposizioni.$0(OLS)http://semarc/subject/24078 650 4$aLonghi, Martino - Cataloghi di esposizioni.$0(OLS)http://semarc/subject/24079 700 1 $aPatetta, Luciano.$0(OLS)http://semarc/name/40865 700 1 $aBellini, Amedeo.$0(OLS)http://semarc/name/51776 700 1 $aArgan, Giulio Carlo,$d<1909-1992>.$0(OLS)http://semarc/name/5637 850 $aSeMil 852 $aSeMil$W1$xVenegono$y1$m5J VI 99$j79166$B79166$CSeMilBibl$Z2$F82732 $81 941 1 $a4 961 $aOmaggio: Martini Card. Carlo Maria 996 $6020$a88-7005-461-6$9(OLS)http://semarc/number/110408 996 $6245$aI Longhi :$buna famiglia di architetti tra Manierismo e Barocco$9(OLS)http://semarc/title/183403 996 $6260$aMilano :$bClup$9(OLS)http://semarc/publisher/34056 LEADER 01070nam a2200265 4500 001 000000354094 003 CaOOAMICUS 005 20230607172105.0 008 230607s1984 it 000 u ita r 020 $a88-372-1200-3 040 $aSeMil$bita 100 1 $aAntonioli, Giovanni,$c.$0(OLS)http://semarc/name/43663 245 12$aL'ospite piú strano :$bconversazioni sul dolore /$cGiovanni Antonioli. 250 $a2. ed 264 1$aBrescia :$bMorcelliana,$c1984. 300 $a106 p. ;$c19 cm 490 1 $aIl pellicano 650 4$aDolore - Meditazioni.$0(OLS)http://semarc/subject/10832 830 3$aIl pellicano.$0(OLS)http://semarc/title/404225 850 $aSeMil 852 $aSeMil$W1$xVenegono$y1$m3F II 620$j241226$B245319$CSeMilBibl$Z2$F245319 $81 996 $6020$a88-372-1200-3$9(OLS)http://semarc/number/172261 996 $6245$aL'ospite piú strano :$bconversazioni sul dolore$9(OLS)http://semarc/title/262022 996 $6264$aBrescia :$bMorcelliana$9(OLS)http://semarc/publisher/29629